[Event "WchT Seniors 65"]
[Site "Krakow"]
[Date "2024.07.11"]
[Round "9.3"]
[White "Cocozza, Mario"]
[Black "Roos, Louis"]
[Result "1/2-1/2"]
[WhiteElo "2206"]
[BlackElo "2288"]
[PlyCount "129"]
[EventDate "2024.07.02"]
[EventType "team-swiss"]
[EventRounds "9"]
[EventCountry "POL"]
[SourceTitle "CBM 221 Extra"]
[Source "ChessBase"]
[SourceDate "2024.09.30"]
[SourceVersion "1"]
[SourceVersionDate "2024.09.30"]
[SourceQuality "1"]
[WhiteTeam "Italy 65"]
[BlackTeam "France Strasbourg 65"]
[WhiteTeamCountry "ITA"]
[BlackTeamCountry "FRA"]

1. e4 e6 2. d4 d5 3. Nd2 c5 4. exd5 exd5 5. Bb5+ Bd7 6. Qe2+ Be7 7. dxc5 Nf6 8. Nb3 0-0 9. Be3 Re8 10. 0-0-0 a6 11. Bxd7 Nbxd7 12. Nf3 a5 13. Nbd4 Nxc5 14. Nf5 Bf8 15. g4 g6 16. g5 Ng4 17. Qb5 Rc8 18. h3 Ne5 19. Nxe5 Rxe5 20. Nd4 a4 21. a3 Rxe3 22. fxe3 Qxg5 23. Rde1 Qh4 24. Kb1 Bg7 25. Qb4 Qe4 26. Nb5 Qe5 27. Nd4 h5 28. Nf3 Qf5 29. Qf4 Qd7 30. Rhf1 Ne4 31. Rd1 Re8 32. h4 Re6 33. Ng5 Nxg5 34. hxg5 Rb6 35. Rd4 Bxd4 36. Qxd4 Re6 37. Rf4 b5 38. e4 Rd6 39. e5 Re6 40. Rf6 Qe7 41. Qxd5 Rxe5 42. Rxg6+ Kf8 43. Qa8+ Qe8 44. Qxe8+ Kxe8 45. Rg8+ Ke7 46. b3 Ke6 47. Kb2 h4 48. Rh8 Re4 49. Rh7 Rf4 50. c4 Rf2+ 51. Kb1 Rf1+ 52. Kb2 Rf2+ 53. Kb1 bxc4 54. Rxh4 axb3 55. Rxc4 Ra2 56. a4 Kf5 57. Rc5+ Ke4 58. Rc7 Kd3 59. Rxf7 Kc3 60. Rf3+ Kb4 61. Rg3 Ka3 62. g6 Rb2+ 63. Ka1 Ra2+ 64. Kb1 Rb2+ 65. Ka1 1/2-1/2

[Event "WchT Seniors 65"]
[Site "Krakow"]
[Date "2024.07.03"]
[Round "2.3"]
[White "Pietrzak, Janusz"]
[Black "Cocozza, Mario"]
[Result "0-1"]
[WhiteElo "1919"]
[BlackElo "2206"]
[PlyCount "79"]
[EventDate "2024.07.02"]
[EventType "team-swiss"]
[EventRounds "9"]
[EventCountry "POL"]
[SourceTitle "CBM 221 Extra"]
[Source "ChessBase"]
[SourceDate "2024.09.30"]
[SourceVersion "1"]
[SourceVersionDate "2024.09.30"]
[SourceQuality "1"]
[WhiteTeam "Poland Zaglebie 65"]
[BlackTeam "Italy 65"]
[WhiteTeamCountry "POL"]
[BlackTeamCountry "ITA"]

1. e4 c6 2. c4 d5 3. exd5 cxd5 4. cxd5 Nf6 5. Qa4+ Nbd7 6. Nc3 g6 7. d4 Bg7 8. g3 0-0 9. Bg2 Nb6 10. Qb3 a5 11. a4 e6 12. d6 Qxd6 13. Nge2 Qb4 14. Qc2 e5 15. Bd2 Bf5 16. Ne4 Qe7 17. Qc5 Nfd5 18. Qxe7 Nxe7 19. Nd6 exd4 20. Bxb7 Ra7 21. Bf3 Bd7 22. 0-0 Nxa4 23. Rfc1 Rb8 24. Nc4 Rb3 25. Nxd4 Bxd4 26. Bd1 Rb4 27. Bxb4 axb4 28. Ra2 Nc8 29. Bxa4 Rxa4 30. Rxa4 Bxa4 31. Ra1 Bc6 32. Rd1 Bf6 33. Nd6 Ne7 34. b3 Bc3 35. Nc4 Kg7 36. Rd6 Bd5 37. Na5 Be6 38. Kf1 Nf5 39. Ke2 Nxd6 40. Kf1 0-1

[Event "WchT Seniors 65"]
[Site "Struga"]
[Date "2023.09.23"]
[Round "5.2"]
[White "Cocozza, Mario"]
[Black "Erismann, Peter"]
[Result "1-0"]
[WhiteElo "2226"]
[BlackElo "2037"]
[PlyCount "57"]
[EventDate "2023.09.19"]
[EventType "team-swiss"]
[EventRounds "9"]
[EventCountry "MKD"]
[SourceTitle "CBM 216 Extra"]
[Source "ChessBase"]
[SourceDate "2023.11.30"]
[SourceVersion "1"]
[SourceVersionDate "2023.11.30"]
[SourceQuality "1"]
[WhiteTeam "Italy 65"]
[BlackTeam "Switzerland Riehen 65"]
[WhiteTeamCountry "ITA"]
[BlackTeamCountry "SUI"]

1. e4 c5 2. Nf3 e6 3. d4 cxd4 4. Nxd4 Nf6 5. Nc3 Nc6 6. Ndb5 Bb4 7. a3 Bxc3+ 8. Nxc3 d5 9. exd5 exd5 10. Bd3 0-0 11. 0-0 d4 12. Ne2 Bg4 13. h3 Bxe2 14. Bxe2 Qb6 15. Rb1 Rfe8 16. Bf4 Rac8 17. Re1 a5 18. Bd3 Rxe1+ 19. Qxe1 Re8 20. Qd2 Ne5 21. Bxe5 Rxe5 22. b4 a4 23. Re1 Qc7 24. Rxe5 Qxe5 25. Qe2 Qc7 26. Bb5 Qc3 27. Qe7 h5 28. Qd8+ Kh7 29. Bd3+ 1-0

[Event "Wch Seniors 65 30th"]
[Site "Assisi"]
[Date "2022.11.17"]
[Round "3"]
[White "Cocozza, Mario"]
[Black "Mayer, Roland1"]
[Result "1-0"]
[WhiteElo "2298"]
[BlackElo "2074"]
[PlyCount "63"]
[EventDate "2022.11.15"]
[EventType "swiss"]
[EventRounds "11"]
[EventCountry "ITA"]
[SourceTitle "CBM 211 Extra"]
[Source "ChessBase"]
[SourceDate "2023.01.31"]
[SourceVersion "1"]
[SourceVersionDate "2023.01.31"]
[SourceQuality "1"]

1. e4 e5 2. Nf3 Nc6 3. Bb5 a6 4. Ba4 Nf6 5. d3 b5 6. Bb3 Be7 7. 0-0 d6 8. a4 Bd7 9. Nc3 Na5 10. Ba2 b4 11. Nd5 Nxd5 12. Bxd5 c6 13. Ba2 c5 14. c3 Nc6 15. Bd5 Rb8 16. Be3 0-0 17. Nd2 Bf6 18. Nc4 Qc7 19. f4 exf4 20. Bxf4 Ne5 21. Nxe5 Bxe5 22. Bxe5 dxe5 23. Qh5 Be6 24. c4 Bxd5 25. exd5 Rb6 26. Rae1 f6 27. b3 Qf7 28. Rxe5 Qxh5 29. Rxh5 Rc8 30. Kf2 g6 31. Rh4 f5 32. d4 1-0

[Event "Wch Seniors 65 30th"]
[Site "Assisi"]
[Date "2022.11.15"]
[Round "1"]
[White "Cocozza, Mario"]
[Black "Carvalho, Celestino Jr"]
[Result "1-0"]
[WhiteElo "2298"]
[BlackElo "1924"]
[PlyCount "118"]
[EventDate "2022.11.15"]
[EventType "swiss"]
[EventRounds "11"]
[EventCountry "ITA"]
[SourceTitle "CBM 211 Extra"]
[Source "ChessBase"]
[SourceDate "2023.01.31"]
[SourceVersion "1"]
[SourceVersionDate "2023.01.31"]
[SourceQuality "1"]

1. e4 e5 2. Nf3 Nc6 3. Bb5 Be7 4. Nc3 d6 5. d4 exd4 6. Nxd4 Bd7 7. 0-0 Nf6 8. Re1 0-0 9. Bxc6 bxc6 10. Qf3 Ng4 11. Nxc6 Bxc6 12. Qxg4 Bf6 13. Bd2 Rb8 14. b3 g6 15. Rad1 Bg7 16. Nd5 f5 17. Qg5 Bf6 18. Nxf6+ Qxf6 19. Qxf6 Rxf6 20. Bc3 Rf7 21. e5 dxe5 22. Rxe5 Rb5 23. f3 Rxe5 24. Bxe5 Re7 25. Rd8+ Kf7 26. Rc8 Ke6 27. Rxc7 Rxc7 28. Bxc7 Kd5 29. c3 a6 30. Kf2 Bb7 31. Ke3 Bc6 32. h4 Bd7 33. Bb6 Bc8 34. Bd4 Ke6 35. Kf4 Bb7 36. c4 Bc6 37. Bf2 Kf6 38. Ke3 h6 39. Kd4 Bb7 40. Kc5 Ke5 41. Bg3+ f4 42. Be1 g5 43. hxg5 hxg5 44. Bc3+ Kf5 45. Kd6 g4 46. fxg4+ Kxg4 47. c5 Bxg2 48. c6 Bh3 49. c7 Kf3 50. Ke7 Ke3 51. Kd8 Kd3 52. Be1 Kc2 53. c8Q+ Bxc8 54. Kxc8 Kb2 55. a4 Kxb3 56. a5 Kc4 57. Kb7 Kc5 58. Kxa6 Kc6 59. Ka7 Kc5 1-0

[Event "ITA-chTB 43rd"]
[Site "Sant'Anastasia"]
[Date "2011.03.25"]
[Round "2"]
[White "Fierro Baquero, Martha Lorena"]
[Black "Cocozza, Mario"]
[Result "1-0"]
[WhiteElo "2367"]
[BlackElo "2360"]
[PlyCount "122"]
[EventDate "2011.03.25"]
[EventType "swiss"]
[EventRounds "7"]
[EventCountry "ITA"]
[SourceTitle "EXT 2014"]
[Source "ChessBase"]
[SourceDate "2013.11.20"]
[SourceVersion "1"]
[SourceVersionDate "2013.11.20"]
[SourceQuality "1"]

1. c4 e5 2. g3 Nf6 3. Bg2 Nc6 4. Nc3 g6 5. Nf3 Bg7 6. 0-0 0-0 7. d3 h6 8. Rb1 a5 9. a3 Qe7 10. Nd2 d6 11. b4 axb4 12. axb4 Nd8 13. Nd5 Nxd5 14. cxd5 c6 15. Nc4 b5 16. Nb6 Rb8 17. Be3 Bb7 18. Rc1 cxd5 19. Nxd5 Qe6 20. Nc7 Qe7 21. Nd5 Qe6 22. Ba7 Rc8 23. Rxc8 Bxc8 24. Bb6 Bb7 25. e4 Nc6 26. Qd2 Ne7 27. Nxe7+ Qxe7 28. Rc1 Rc8 29. Rxc8+ Bxc8 30. Be3 Qc7 31. Bxh6 Bxh6 32. Qxh6 Qc3 33. h4 Qe1+ 34. Kh2 Qxf2 35. Qg5 Kh7 36. h5 gxh5 37. Qxh5+ Kg7 38. Qg5+ Kh7 39. Qd8 Be6 40. Qxd6 Qf6 41. Qc5 Qh6+ 42. Kg1 Qd2 43. Bf1 Qg5 44. Qf2 Qe7 45. Qd2 f6 46. Kg2 Qd6 47. d4 exd4 48. Bxb5 Kg7 49. Bd3 Bd7 50. Qb2 Bc6 51. b5 Bb7 52. Kf2 Qe5 53. Qe2 Kf8 54. Qg4 Qd6 55. Qf5 Ke8 56. Qh7 Qe7 57. Qg8+ Kd7 58. Qc4 Qe5 59. b6 Qd6 60. Qb5+ Qc6 61. Qf5+ Kd8 1-0

[Event "ITA-ch 63rd"]
[Site "Arvier"]
[Date "2003.12.03"]
[Round "9"]
[White "Cocozza, Mario"]
[Black "Rossi, Carlo"]
[Result "1/2-1/2"]
[WhiteElo "2356"]
[BlackElo "2355"]
[PlyCount "26"]
[EventDate "2003.11.25"]
[EventType "tourn"]
[EventRounds "9"]
[EventCountry "ITA"]
[EventCategory "4"]
[SourceTitle "CBM 097 Extra"]
[Source "ChessBase"]
[SourceDate "2004.01.13"]
[SourceVersion "1"]
[SourceVersionDate "2004.01.13"]
[SourceQuality "1"]

1. e4 c6 2. d4 d5 3. exd5 cxd5 4. Bd3 Nc6 5. c3 Nf6 6. Bf4 g6 7. Nd2 Bg7 8. Ngf3 0-0 9. h3 Bf5 10. Bxf5 gxf5 11. Ne5 Nxe5 12. Bxe5 e6 13. 0-0 Ne4 1/2-1/2

[Event "ITA-ch 63rd"]
[Site "Arvier"]
[Date "2003.12.01"]
[Round "7"]
[White "Aldrovandi, Costantino"]
[Black "Cocozza, Mario"]
[Result "0-1"]
[WhiteElo "2414"]
[BlackElo "2356"]
[PlyCount "74"]
[EventDate "2003.11.25"]
[EventType "tourn"]
[EventRounds "9"]
[EventCountry "ITA"]
[EventCategory "4"]
[SourceTitle "CBM 097 Extra"]
[Source "ChessBase"]
[SourceDate "2004.01.13"]
[SourceVersion "1"]
[SourceVersionDate "2004.01.13"]
[SourceQuality "1"]

1. f3 e5 2. Kf2 f5 3. e3 Nc6 4. c3 f4 5. g3 d5 6. exf4 exf4 7. d4 Bd6 8. Kg2 Nge7 9. Bd3 Bf5 10. Ne2 fxg3 11. hxg3 Qd7 12. b3 0-0-0 13. Na3 g5 14. Nb5 Rhg8 15. g4 Bf4 16. gxf5 Nxf5 17. Bxf5 Qxf5 18. Ng3 Bxg3 19. Kxg3 g4 20. f4 h5 21. Be3 Rde8 22. Qd2 Ne7 23. Rae1 Qe4 24. Qg2 Nf5+ 25. Kh2 g3+ 26. Kg1 Qxg2+ 27. Kxg2 Rxe3 28. Rxe3 Nxe3+ 29. Kf3 g2 30. Rg1 Nc2 31. Kf2 a6 32. Na7+ Kb8 33. f5 h4 34. f6 h3 35. f7 Rf8 36. Kg3 Rxf7 37. Kxh3 Ne3 0-1

[Event "ITA-ch 63rd"]
[Site "Arvier"]
[Date "2003.11.28"]
[Round "4"]
[White "Cocozza, Mario"]
[Black "Sarno, Spartaco"]
[Result "1/2-1/2"]
[WhiteElo "2356"]
[BlackElo "2404"]
[PlyCount "119"]
[EventDate "2003.11.25"]
[EventType "tourn"]
[EventRounds "9"]
[EventCountry "ITA"]
[EventCategory "4"]
[SourceTitle "CBM 097 Extra"]
[Source "ChessBase"]
[SourceDate "2004.01.13"]
[SourceVersion "1"]
[SourceVersionDate "2004.01.13"]
[SourceQuality "1"]

1. e4 d6 2. d4 Nf6 3. Nc3 g6 4. Nf3 Bg7 5. Be2 0-0 6. 0-0 c6 7. a4 a5 8. h3 Na6 9. Be3 Nb4 10. Nd2 Nd7 11. f4 f5 12. Bc4+ Kh8 13. exf5 gxf5 14. Ne2 Nf6 15. Ng3 Qe8 16. Kh2 Bd7 17. Bg1 Bh6 18. Ra3 Nbd5 19. Raf3 Rg8 20. Kh1 Qg6 21. Bh2 Rg7 22. Qe2 Rag8 23. R1f2 b6 24. c3 Qe8 25. Ngf1 e6 26. Bd3 Qc8 27. Ne3 Qc7 28. Nxd5 cxd5 29. Re3 Ne4 30. Nxe4 dxe4 31. Bc4 d5 32. Bb3 Rb8 33. Qh5 Rg6 34. g4 b5 35. gxf5 exf5 36. Bxd5 bxa4 37. Bf7 Rf6 38. Bg3 Bc6 39. Ba2 Bg7 40. Rg2 Rh6 41. Qxf5 Qd7 42. Qxd7 Bxd7 43. h4 Bg4 44. Kg1 Bf3 45. f5 Rf8 46. Be6 Rhf6 47. Bd6 Bh6 48. Rg5 Bxg5 49. hxg5 Rxf5 50. Bxf8 Rxf8 51. c4 Rb8 52. c5 Rxb2 53. Rc3 Kg7 54. Bd5 Rd2 55. c6 Rxd4 56. c7 Bg4 57. Bb7 Kg6 58. Kf2 Kxg5 59. Rg3 Rd2+ 60. Kg1 1/2-1/2

[Event "Crema op 05th"]
[Site "Crema"]
[Date "2003.09.07"]
[Round "5"]
[White "Cocozza, Mario"]
[Black "Ficco, Corrado"]
[Result "1/2-1/2"]
[WhiteElo "2356"]
[BlackElo "2098"]
[PlyCount "70"]
[EventDate "2003.09.05"]
[EventType "swiss"]
[EventRounds "6"]
[EventCountry "ITA"]
[SourceTitle "EXT 2007"]
[Source "ChessBase"]
[SourceDate "2006.11.23"]
[SourceVersion "1"]
[SourceVersionDate "2006.11.23"]
[SourceQuality "1"]

1. e4 e5 2. Nf3 Nf6 3. Nxe5 d6 4. Nf3 Nxe4 5. d4 d5 6. Bd3 Nc6 7. 0-0 Bg4 8. c4 Nf6 9. cxd5 Bxf3 10. Qxf3 Qxd5 11. Qh3 Qxd4 12. Nc3 Qg4 13. Qxg4 Nxg4 14. Re1+ Kd8 15. Bf4 Bd6 16. Bxd6 cxd6 17. Nb5 Nge5 18. Be4 a6 19. Nxd6 Kc7 20. Nf5 g6 21. Ne3 Rad8 22. Rad1 Rxd1 23. Rxd1 Rd8 24. Rxd8 Kxd8 25. f4 Nd7 26. Bxc6 bxc6 27. Kf2 Ke7 28. g4 Kd6 29. Ke2 Kc5 30. Kd3 Nb6 31. a3 a5 32. b3 f6 33. Ke4 Kb5 34. Kd4 c5+ 35. Kc3 a4 1/2-1/2

[Event "Crema op 05th"]
[Site "Crema"]
[Date "2003.09.05"]
[Round "1"]
[White "Cocozza, Mario"]
[Black "Dordoni, Dario"]
[Result "1-0"]
[WhiteElo "2356"]
[BlackElo "1600"]
[PlyCount "87"]
[EventDate "2003.09.05"]
[EventType "swiss"]
[EventRounds "6"]
[EventCountry "ITA"]
[SourceTitle "EXT 2007"]
[Source "ChessBase"]
[SourceDate "2006.11.23"]
[SourceVersion "1"]
[SourceVersionDate "2006.11.23"]
[SourceQuality "1"]

1. e4 d6 2. d4 Nf6 3. Nc3 g6 4. Nf3 Bg4 5. h3 Bxf3 6. Qxf3 Nbd7 7. Be3 c6 8. g4 h5 9. Be2 Bg7 10. 0-0-0 Qa5 11. Kb1 Rf8 12. Qg2 Rh8 13. f4 hxg4 14. hxg4 0-0-0 15. g5 Rxh1 16. Rxh1 Ne8 17. Bg4 e6 18. Qf2 c5 19. Ne2 cxd4 20. Nxd4 Nc5 21. Nb3 Nxb3 22. cxb3 Kb8 23. Rc1 Nc7 24. Bxa7+ Qxa7 25. Qxa7+ Kxa7 26. Rxc7 Rf8 27. Rd7 Kb6 28. Rxd6+ Kc7 29. e5 Rh8 30. Bxe6 fxe6 31. Rxe6 Bf8 32. Rxg6 Rh7 33. f5 Bc5 34. Rh6 Re7 35. g6 Bd4 36. f6 Rxe5 37. Rh7+ Kd6 38. g7 Rg5 39. Rh8 Bxf6 40. g8Q Rxg8 41. Rxg8 Be5 42. Rc8 Kd7 43. Rc4 b5 44. Rc5 1-0

[Event "Crema op 04th"]
[Site "Crema"]
[Date "2002.09.08"]
[Round "6"]
[White "Cocozza, Mario"]
[Black "Dragojlovic, Andjelko"]
[Result "1/2-1/2"]
[WhiteElo "2354"]
[BlackElo "2351"]
[PlyCount "92"]
[EventDate "2002.09.06"]
[EventType "swiss"]
[EventRounds "6"]
[EventCountry "ITA"]
[SourceTitle "EXT 2007"]
[Source "ChessBase"]
[SourceDate "2006.11.23"]
[SourceVersion "1"]
[SourceVersionDate "2006.11.23"]
[SourceQuality "1"]

1. e4 c5 2. Nf3 g6 3. d4 cxd4 4. Nxd4 Bg7 5. Nc3 Nc6 6. Be3 Nf6 7. Nb3 0-0 8. Be2 d6 9. 0-0 Be6 10. f4 Rc8 11. Qe1 a5 12. Nd4 Nxd4 13. Bxd4 Bc4 14. Kh1 Qc7 15. e5 dxe5 16. Bxe5 Qc6 17. Bf3 Qa6 18. Rf2 b5 19. a3 Qb6 20. Rd2 Rfd8 21. Rad1 Rxd2 22. Qxd2 a4 23. Qd4 Qe6 24. h3 h5 25. Kh2 Ne8 26. Bb7 Rb8 27. Bxg7 Nxg7 28. Bd5 Bxd5 29. Qxd5 Qf5 30. Qe4 Qxe4 31. Nxe4 Nf5 32. Rd3 h4 33. b3 Kg7 34. g4 hxg3+ 35. Nxg3 Rc8 36. Nxf5+ gxf5 37. bxa4 Rxc2+ 38. Kg1 bxa4 39. Rd4 Rc3 40. Rxa4 Rxh3 41. Kg2 Rb3 42. Ra6 e6 43. Kf2 Kg6 44. Ra7 Rc3 45. a4 f6 46. Ra6 Kf7 1/2-1/2

[Event "Crema op 04th"]
[Site "Crema"]
[Date "2002.09.07"]
[Round "3"]
[White "Biava, Pierluigi"]
[Black "Cocozza, Mario"]
[Result "0-1"]
[WhiteElo "1546"]
[BlackElo "2354"]
[PlyCount "36"]
[EventDate "2002.09.06"]
[EventType "swiss"]
[EventRounds "6"]
[EventCountry "ITA"]
[SourceTitle "EXT 2007"]
[Source "ChessBase"]
[SourceDate "2006.11.23"]
[SourceVersion "1"]
[SourceVersionDate "2006.11.23"]
[SourceQuality "1"]

1. e4 c6 2. Nc3 d5 3. exd5 cxd5 4. Bb5+ Nc6 5. Nf3 Bg4 6. h3 Bxf3 7. Qxf3 e6 8. 0-0 Nf6 9. Re1 Be7 10. d4 0-0 11. Be3 Rc8 12. a3 Na5 13. Bd3 Nc4 14. Bc1 Qa5 15. Qd1 Bb4 16. Rb1 Nxa3 17. bxa3 Bxc3 18. Bd2 Bxd2 0-1

[Event "ITA-chT32nd 3rd/4th pl"]
[Site "Castel Lagopesole"]
[Date "2000.05.14"]
[Round "2.2"]
[White "Efimov, Igor"]
[Black "Cocozza, Mario"]
[Result "1-0"]
[WhiteElo "2540"]
[BlackElo "2354"]
[PlyCount "81"]
[EventDate "2000.05.14"]
[EventType "team-tourn"]
[EventRounds "2"]
[EventCountry "ITA"]
[SourceTitle "EXT 2002"]
[Source "ChessBase"]
[SourceDate "2001.11.25"]
[SourceVersion "1"]
[SourceVersionDate "2001.11.25"]
[SourceQuality "1"]
[WhiteTeam "Montecatini Surya"]
[BlackTeam "Naples Averno"]
[WhiteTeamCountry "ITA"]
[BlackTeamCountry "ITA"]

1. e4 c6 2. d4 d5 3. e5 Bf5 4. c3 e6 5. Be3 Nd7 6. Nd2 f6 7. f4 g5 8. exf6 g4 9. f7+ Kxf7 10. h3 Nh6 11. Be2 Nf6 12. Bf2 Qc7 13. g3 Rg8 14. Nf1 Bd6 15. Ne3 Bxf4 16. hxg4 Bxg3 17. Nh3 Nhxg4 18. Bxg4 Nxg4 19. Qf3 Nxe3 20. Qxe3 Bxf2+ 21. Kxf2 Qe7 22. Nf4 Raf8 23. Raf1 Ke8 24. Ke1 Rg4 25. Rh6 Rf6 26. Rh2 Be4 27. Rhf2 Rf5 28. Ne2 Qh4 29. Kd2 Rxf2 30. Rxf2 Qg5 31. Nf4 Rg3 32. Qe2 Kd7 33. a3 Rd3+ 34. Kc1 Qg1+ 35. Rf1 Qe3+ 36. Qxe3 Rxe3 37. Rg1 Rf3 38. Rg7+ Kd6 39. Ne2 Rf2 40. Ng3 Rg2 41. Nxe4+ 1-0

[Event "IECG CP.1997.P.00014"]
[Site "IECG email"]
[Date "1997.??.??"]
[Round "?"]
[White "Cocozza, Mario"]
[Black "Cody, Philip C"]
[Result "1/2-1/2"]
[WhiteElo "2315"]
[BlackElo "2346"]
[PlyCount "132"]
[EventDate "1997.10.27"]
[EventType "tourn (corr)"]
[EventRounds "8"]
[SourceTitle "Corr 2008"]
[Source "ChessBase"]
[SourceDate "2008.06.24"]
[SourceVersion "1"]
[SourceVersionDate "2008.06.24"]
[SourceQuality "1"]

1. e4 c5 2. Nf3 d6 3. d4 cxd4 4. Nxd4 Nf6 5. Nc3 a6 6. Be2 e5 7. Nb3 Be7 8. 0-0 0-0 9. a4 Be6 10. f4 exf4 11. Bxf4 Nc6 12. Kh1 d5 13. e5 Ne4 14. Bd3 Nxc3 15. bxc3 Bg5 16. Qh5 h6 17. Nd4 Bd7 18. Bg3 Qc8 19. e6 Bxe6 20. Nxe6 Qxe6 21. Rae1 Qd7 22. h4 Bd2 23. Bf5 Qd8 24. Rd1 Bxc3 25. Rxd5 Qe8 26. Bd6 Ne7 27. Rd3 g6 28. Qxh6 Bg7 29. Qg5 Nxf5 30. Bxf8 Qxf8 31. h5 Bh6 32. Qf6 Qg7 33. Qb6 Re8 34. Rdf3 Re4 35. g3 Qd4 36. Qxd4 Nxd4 37. Rf6 Bg7 38. Rb6 Nf5 39. Rf3 Rxa4 40. hxg6 fxg6 41. Rxb7 Rc4 42. Rb6 Kh7 43. g4 Rxg4 44. Rxa6 Be5 45. Ra5 Re4 46. Kg1 Ne3 47. Rc5 Bd4 48. Rh3+ Kg7 49. Rc7+ Kf6 50. Rc6+ Re6 51. Rxe6+ Kxe6 52. c3 Bb6 53. Kh1 Bc5 54. Rh8 g5 55. Rc8 Kd5 56. Rd8+ Kc4 57. Rc8 Nd5 58. Kg2 Nxc3 59. Kf3 Kd5 60. Kg4 Ne4 61. Rd8+ Kc6 62. Kf5 Be7 63. Rg8 Kd5 64. Rg7 Bd8 65. Rd7+ Nd6+ 66. Kg6 g4 1/2-1/2

[Event "IECG CM.1997.0.00021"]
[Site "IECG email"]
[Date "1997.??.??"]
[Round "?"]
[White "Goins, David A"]
[Black "Cocozza, Mario"]
[Result "0-1"]
[WhiteElo "2250"]
[BlackElo "2295"]
[PlyCount "52"]
[EventDate "1997.02.05"]
[EventType "tourn (corr)"]
[EventRounds "6"]
[SourceTitle "Corr 2008"]
[Source "ChessBase"]
[SourceDate "2008.06.24"]
[SourceVersion "1"]
[SourceVersionDate "2008.06.24"]
[SourceQuality "1"]

1. e4 c6 2. d4 d5 3. e5 Bf5 4. Nc3 e6 5. g4 Bg6 6. Nge2 c5 7. h4 f6 8. Nf4 Bf7 9. exf6 cxd4 10. Qxd4 gxf6 11. Qa4+ Nc6 12. Be3 a6 13. Qb3 b5 14. Nxb5 axb5 15. Bxb5 Nge7 16. Bc5 Qc7 17. Ne2 e5 18. Qf3 Bg7 19. a4 Be6 20. b4 Kf7 21. Qg3 f5 22. gxf5 Nxf5 23. Qf3 h5 24. Rg1 Bf6 25. 0-0-0 Nxh4 26. Qg3 Rag8 0-1

[Event "IECG CM.1997.0.00021"]
[Site "IECG email"]
[Date "1997.??.??"]
[Round "?"]
[White "Sasata, Robert"]
[Black "Cocozza, Mario"]
[Result "1/2-1/2"]
[WhiteElo "2374"]
[BlackElo "2295"]
[PlyCount "104"]
[EventDate "1997.02.05"]
[EventType "tourn (corr)"]
[EventRounds "6"]
[SourceTitle "Corr 2008"]
[Source "ChessBase"]
[SourceDate "2008.06.24"]
[SourceVersion "1"]
[SourceVersionDate "2008.06.24"]
[SourceQuality "1"]

1. d4 Nf6 2. c4 g6 3. Nc3 d5 4. cxd5 Nxd5 5. e4 Nxc3 6. bxc3 Bg7 7. Bc4 c5 8. Ne2 0-0 9. 0-0 Nc6 10. Be3 Qc7 11. Qd2 e6 12. Bh6 Rd8 13. Bxg7 Kxg7 14. Rfd1 a6 15. Qe3 b5 16. Bb3 c4 17. Bc2 a5 18. h4 Qe7 19. h5 Qh4 20. d5 Ne5 21. Rab1 b4 22. cxb4 axb4 23. Rxb4 Qxh5 24. a4 exd5 25. Nf4 Qh4 26. exd5 Qf6 27. d6 Rxd6 28. Nd5 Ng4 29. Nxf6 Rxd1+ 30. Bxd1 Nxe3 31. Ne8+ Kf8 32. Nc7 Ra7 33. Nb5 Rd7 34. Bf3 Nf5 35. Rxc4 Ba6 36. Rb4 h5 37. a5 Re7 38. Kh2 Kg7 39. Nd4 Nxd4 40. Rxd4 Re5 41. Rd5 Rxd5 42. Bxd5 g5 43. Kg3 f5 44. f4 Kf6 45. Kf3 h4 46. fxg5+ Kxg5 47. Ba8 f4 48. Be4 Bc8 49. Bd3 Bb7+ 50. Ke2 Bxg2 51. Kf2 Bc6 52. Be2 Bb7 1/2-1/2

[Event "IECG CP.1997.P.00014"]
[Site "IECG email"]
[Date "1997.??.??"]
[Round "?"]
[White "Valverde Toresano, Andres"]
[Black "Cocozza, Mario"]
[Result "1/2-1/2"]
[WhiteElo "2277"]
[BlackElo "2315"]
[PlyCount "37"]
[EventDate "1997.10.27"]
[EventType "tourn (corr)"]
[EventRounds "8"]
[SourceTitle "Corr 2008"]
[Source "ChessBase"]
[SourceDate "2008.06.24"]
[SourceVersion "1"]
[SourceVersionDate "2008.06.24"]
[SourceQuality "1"]

1. d4 Nf6 2. Bg5 g6 3. Bxf6 exf6 4. c4 Bg7 5. e3 0-0 6. g3 d6 7. Bg2 f5 8. Ne2 c5 9. 0-0 cxd4 10. Nxd4 Nc6 11. Nxc6 bxc6 12. Nc3 Rb8 13. Qc2 Be6 14. Bxc6 Bxc4 15. Rfd1 Qb6 16. Bd5 Qxb2 17. Qxb2 Rxb2 18. Bxc4 Bxc3 19. Rab1 1/2-1/2

[Event "ITA-chT A1"]
[Site "Italy"]
[Date "1994.02.27"]
[Round "3.4"]
[White "Cocozza, Mario"]
[Black "Castelfranchi, Carlo"]
[Result "0-1"]
[WhiteElo "2320"]
[BlackElo "2215"]
[PlyCount "80"]
[EventDate "1994.01.30"]
[EventType "team-tourn"]
[EventRounds "7"]
[EventCountry "ITA"]
[SourceTitle "EXT 2022"]
[Source "ChessBase"]
[SourceDate "2021.10.06"]
[SourceVersion "1"]
[SourceVersionDate "2021.10.06"]
[SourceQuality "1"]
[WhiteTeam "Napoli Averno/Westend"]
[BlackTeam "Roma Mov Sport Pop"]
[WhiteTeamCountry "ITA"]
[BlackTeamCountry "ITA"]

1. e4 Nf6 2. e5 Nd5 3. d4 d6 4. Nf3 Bg4 5. Be2 e6 6. c4 Nb6 7. exd6 cxd6 8. 0-0 Be7 9. h3 Bh5 10. Nc3 0-0 11. b3 Nc6 12. Be3 d5 13. c5 Bxf3 14. Bxf3 Nc8 15. b4 Bf6 16. Rc1 N8e7 17. b5 Na5 18. Bf4 Nf5 19. Ne2 Nh4 20. Bg4 Nc4 21. Qd3 Bg5 22. g3 Ng6 23. Bxg5 Qxg5 24. f4 Qd8 25. f5 exf5 26. Bxf5 a6 27. b6 Re8 28. Rf3 Qg5 29. Bxg6 hxg6 30. Nf4 Rad8 31. h4 Qh6 32. Rc2 Na5 33. Rh2 Nc6 34. g4 Re4 35. g5 Qh7 36. Ne2 Qh5 37. Ng3 Qg4 38. Qf1 Nxd4 39. Rd3 Rde8 40. Rg2 Re1 0-1